ADVANCE DENTAL HISTOLOGY (Record no. 3125)

MARC details
000 -LEADER
fixed length control field 00348nam a2200145Ia 4500
008 - FIXED-LENGTH DATA ELEMENTS--GENERAL INFORMATION
fixed length control field 150201s1976 xx 000 0 und d
082 ## - DEWEY DECIMAL CLASSIFICATION NUMBER
Classification number 617.659
Item number A1976O
100 ## - MAIN ENTRY--PERSONAL NAME
Personal name OSBORN
245 ## - TITLE STATEMENT
Title ADVANCE DENTAL HISTOLOGY
250 ## - EDITION STATEMENT
Edition statement 3RD
260 ## - PUBLICATION, DISTRIBUTION, ETC. (IMPRINT)
Name of publisher, distributor, etc. WRIGHT PUBLICATION
Place of publication, distribution, etc. OXFORD
Date of publication, distribution, etc. 1976
300 ## - PHYSICAL DESCRIPTION
Extent 1-167
650 ## - SUBJECT ADDED ENTRY--TOPICAL TERM
Topical term or geographic name as entry element ORAL PATHOLOGY
942 ## - ADDED ENTRY ELEMENTS (KOHA)
Source of classification or shelving scheme Dewey Decimal Classification
Koha item type Books
Holdings
Withdrawn status Lost status Source of classification or shelving scheme Damaged status Not for loan Home library Current library Date acquired Source of acquisition Cost, normal purchase price Serial Enumeration / chronology SGTU Bill Number Total Checkouts Full call number Barcode Date last seen Bill Date Koha item type
    Dewey Decimal Classification     SGT Dental Library SGT Dental Library 09/03/2005 U.B.S.DELHI 150.00 1 SGTU 1305   617.659 A1976O FD3022 09/02/2015 07/04/2012 Books